000 01622nam a22003977a 4500
003 CHAP
005 20220329134107.0
008 971013s1962 r 00010 d
010 _a15270
011 _a16242
035 _a20321
040 _cCHAP
082 _a580
_bG74
100 0 0 _aGreulach, Víctor A.
_950648
245 _aPlants, an introduction to modern botany
260 _aNew York :
_bWiley,
_c1962
300 _a557 p.
_b: ilus
590 _aBATCH-UPD
_b10
_c20130110
_lUCH01
_h1819
590 _aBATCH-UPD
_b10
_c20130410
_lUCH01
_h1153
590 _aBATCH-UPD
_b10
_c20130914
_lUCH01
_h0728
590 _aCONVERSION
_b10
_c20130109
_lUCH01
_h1310
650 1 4 _aBotánica.
_914477
700 0 _aAdams, J. Edison.
_9852
901 _aBK
942 _cLIBRO
949 _a580 G74
_bBC
_cLIBRO
_d33724000501128
_eLIBRO
_h8746
_i20321
_si
_t97.00
949 _a580 G74
_bBC
_cLIBRO
_d33724000501136
_eLIBRO
_fc.2
_h8747
_i20321
_si
_t97.00
949 _a580 G74
_bBC
_cLIBRO
_d33724000501144
_eLIBRO
_fc.3
_h8748
_i20321
_si
_t97.00
949 _a580 G74
_bBC
_cLIBRO
_d33724000501151
_eLIBRO
_fc.4
_h8749
_i20321
_si
_t97.00
949 _a580 G74
_bBC
_cLIBRO
_d33724000501169
_eLIBRO
_fc.5
_h8750
_i20321
_si
_t97.00
949 _a580 G74
_bBC
_cLIBRO
_d33724000501177
_eLIBRO
_fc.6
_h8751
_i20321
_si
_t97.00
949 _a580 G74
_bBC
_cLIBRO
_d33724000501185
_eLIBRO
_fc.8
_h8753
_i20321
_si
_t97.00
949 _a580 G74
_bBC
_cLIBRO
_d33724000501193
_eLIBRO
_fc.9
_h8754
_i20321
_si
_t97.00
949 _a580 G74
_bBC
_cLIBRO
_d33724000501201
_eLIBRO
_fc.7
_h8752
_i20321
_si
_t97.00
949 _a580 G74
_bBC
_cLIBRO
_d33724000501284
_eLIBRO
_fc.10
_h8755
_i20321
_si
_t97.00
999 _c15270
_d15270